Výnosová křivka v teorii a v praxi českého mezibankovního trhu

Výnosová krivka ako vhodný indikátor menovej politiky. Teoretické prístupy vysvetľujúce tvar výnosovej krivky a testovanie jedného z nich - teóriu očakávania na českom medzibankovom trhu. Využitie výnosovej krivky pre predikciu úrokových sadzieb v ČR.

Salvato in:
Dettagli Bibliografici
Autore principale: Kotlán, Viktor
Natura: Capitolo di libro
Lingua:ceco
Soggetti:
Tags: Aggiungi Tag
Nessun Tag, puoi essere il primo ad aggiungerne!!

MARC

LEADER 00000naa a2200000 4500
001 r035796
005 20231002095734.9
041 0 |a cze 
044 |a CZ 
245 1 0 |a Výnosová křivka v teorii a v praxi českého mezibankovního trhu  |c Viktor Kotlán 
520 |a Výnosová krivka ako vhodný indikátor menovej politiky. Teoretické prístupy vysvetľujúce tvar výnosovej krivky a testovanie jedného z nich - teóriu očakávania na českom medzibankovom trhu. Využitie výnosovej krivky pre predikciu úrokových sadzieb v ČR. 
610 2 0 |a trh kapitálový 
610 2 0 |a výnosy 
610 2 0 |a teórie ekonomické 
610 2 0 |a škola očakávaní racionálnych 
610 2 0 |a dlhopisy 
610 2 0 |a sadzby úrokové 
610 2 0 |a trh peňažný 
610 2 0 |a Česko 
610 2 0 |a analýza ekonometrická 
610 2 0 |a analýza regresná 
610 2 0 |a rady časové 
100 1 |a Kotlán, Viktor